000 01001nas a2200325 4500
001 BR7905247
003 BR-BrBNA
005 20231205083915.0
007 ta
008 230509b bl.|||p| |||| 00| 00por d
040 _aBR-BrBNA
_bpor
_cBiblioteca Nacional de Agricultura
041 _a(Pt)
072 _aF00
100 1 _aRodrigues Filho, F.S.O.
100 1 _aLago, A.A. do
100 1 _aCia, E.
100 1 _aFerraz, C.A.M.
245 1 _aConservacao de sementes de algodoeiro deslintadas por diferentes metodos [Fungicida; Germinacao]
246 1 _aPreservation of cotton seeds delinted by different methods [Fungicide; Germination]
650 _aProducao vegetal
650 _aAlgodao
650 _aSemente
650 _aFungicida
650 _aDesinfeccao
650 _aGerminacao
650 _aConservacao
773 0 _tBragantia (Brazil)
_xIssn 0006-8705
_g(Jun 1979), v. 38(11) p. 107-113
_wBR7905247
909 _a202311
_bLúcia
_c55
_dLúcia Elande
942 _2AGRIS
_n0
_cANA
999 _c101948
_d101948